000 00449nam a22001697a 4500
999 _c16596
_d16596
003 OSt
005 20171102114416.0
008 171102b xxu||||| |||| 00| 0 eng d
020 _a9966703950
040 _aKABU
_cKABU
050 _aPL8704
_b.M66T86 2006
100 _aMomanyi, Clara
245 _aTumaini /
_cClara Momanyi
260 _aNairobi
_bVide-Muwa
_c2006
300 _a161 p.
942 _2lcc
_cBK
_hPL8704
_i.M66T86 2006